Responses for Show #6620 - Friday, May 31, 2013

Contestants

[<< previous game]

Kirk Nelson, a structural engineer from Seattle, Washington

Benjamin Recchie, a science writer from Chicago, Illinois

Sam Hopkins, an M.B.A. student originally from Prairie Village, Kansas (whose 2-day cash winnings total $31,601)

[next game >>]

Jeopardy! Round responses

LEGAL MATTERS
THE BIBLE BOOK IMMEDIATELY BEFORE
PUNCTUATION EQUIVOCATION?
THE MOVIE MAP
THINGS & STUFF
THE VIETNAM WAR
    $200 25
a bench

Benjamin
    $200 11
the Hudson

Sam
    $200 6
lettuce

Kirk
    $200 1
Lyndon Johnson

Kirk
    $400 16
abet

Kirk
    $400 20
brackets

Sam
    $400 12
Manhattan

Benjamin
    $400 7
the Sun

Kirk
    $400 2
the Mekong Delta

Sam
    $600 17
insanity

Kirk
    $600 24
Jude

Benjamin
    $600 21
(Alex: Yes, with a minute to go.)

periods

Sam
    $600 13
China

Sam
    $600 8
Bauhaus

Sam
    $1,000 3
the Hanoi Hilton

Sam
    $800 18
small claims

Kirk
    $800 23
asterisk

Sam
    $800 14
(Kirk: What is Virginia?)

Paris

SamKirk
    $800 9
(Thomas) Hobson's

Benjamin
    $800 4
a B-52

Benjamin
    $1000 19
a coroner

Sam
    $1000 26
Jeremiah

Sam
    $1000 22
(Benjamin: What is... jot?)
(Sam: What is scribble?)

dash

SamBenjamin
Triple Stumper
    $1000 15
Shanghai

Triple Stumper
    $1000 10
(Andrew) Jackson

Benjamin
    $1000 5
1975

Benjamin

Scores at the first commercial break (after clue 12):

Sam Benjamin Kirk
$2,200 $4,000 $800

Scores at the end of the Jeopardy! Round:

Sam Benjamin Kirk
$6,400 $3,800 $1,800

Double Jeopardy! Round responses

SMALLER THAN TULSA
BERRIES
WORLD SERIES MVPs BY POSITION
ADD AN E
(Alex: In this next category, you will [*] to come up with your response which will be two different words.)
CODA
CHROME
    $400 6
Monaco

Benjamin
    $400 18
a strawberry

Sam
    $400 1
shortstop

Sam
    $400 28
cod & code

Kirk
    $400 25
the tail

Benjamin
    $400 20
(Benjamin: What is rainbow?)
(Kirk: What is spectrum?)

color

BenjaminKirk
Triple Stumper
    $800 7
Andorra

Sam
    $800 14
a huckleberry

Kirk
    $800 2
third base

Sam
    $800 12
spit & spite

Sam
    $800 24
Mozart

Kirk
    $800 21
an alloy

Kirk
    $1200 8
Liechtenstein

Kirk
    $1200 11
cranberries

Benjamin
    $1200 3
catcher

Kirk
    $1200 13
chat & cheat

Kirk
    $1200 29
Led Zeppelin

Sam
    $1200 17
rusting (or corrosion)

Kirk
    $1600 9
San Marino

Sam
    $2,000 15
(Alex: [*], yes. Sounds like the French, framboise.)

the raspberry

Kirk
    $1600 4
pitcher

Kirk
    $1600 19
fright & freight

Kirk
    $1600 30
a sonata

Benjamin
    $1600 22
stainless steel

Sam
    $5,000 10
(Sam: What is Crete?)

Malta

Sam
    $2000 16
(Sam: What is a snozzberry?)

a blueberry

SamBenjamin
    $2000 5
first base

Kirk
    $2000 27
motion & emotion

Kirk
    $2000 26
an outro

Benjamin
    $2000 23
(lBenjamin: What is a boiling point?)

melting point

SamBenjamin

Scores at the end of the Double Jeopardy! Round:

Sam Benjamin Kirk
$9,000 $9,000 $18,200
(lock game)

[wagering suggestions for these scores]

Final Jeopardy! Round responses

CLASSIC NOVELS
(Alex: Oh, who was this chivalrous knight?)
SamWho is Don Quixote?
$4,500
BenjaminWho is Ivanhoe?
$8,994
KirkWho is ?
$0
Don Quixote de la Mancha

Final scores:

Sam Benjamin Kirk
$13,500 $6 $18,200
2nd place: $2,000 3rd place: $1,000 New champion: $18,200

Game dynamics:

Coryat scores:

Sam Benjamin Kirk
$13,600 $9,000 $17,800
20 R
(including 1 DD),
3 W
(including 1 DD)
13 R,
3 W
19 R
(including 1 DD),
2 W

Combined Coryat: $40,400

[game clues] [game scores] [suggest correction]

Game tape date: 2013-01-29
The J! Archive is created by fans, for fans. Scraping, republication, monetization, and malicious use prohibited; this site may use cookies and collect identifying information. See terms. The Jeopardy! game show and all elements thereof, including but not limited to copyright and trademark thereto, are the property of Jeopardy Productions, Inc. and are protected under law. This website is not affiliated with, sponsored by, or operated by Jeopardy Productions, Inc. Join the discussion at JBoard.tv.